[Event "17. Int. Boeblinger Open"]
[Site "Boeblingen"]
[Date "2000.12.27"]
[Round "2"]
[White "Delemarre, Jop"]
[Black "Schlachetzki, Horst"]
[Result "1-0"]
[WhiteElo "2347"]
[BlackElo "2073"]
[PlyCount "65"]
[EventDate "2000.12.26"]

1. d4 Nf6 2. c4 e6 3. Nf3 b6 4. a3 Bb7 5. Nc3 d5 6. Bg5 Be7 7. Qa4+ Nbd7 8.
Bxf6 Bxf6 9. cxd5 exd5 10. g3 O-O 11. Bh3 Nb8 12. Rd1 a5 13. O-O Ba6 14. Rfe1
c6 15. Qc2 Bc8 16. Bg2 g6 17. e4 dxe4 18. Nxe4 Bg7 19. Ne5 Bb7 20. Qb3 a4 21.
Qc4 Qd5 22. Nf6+ Bxf6 23. Bxd5 cxd5 24. Qc7 Bc8 25. Nxf7 Na6 26. Qc6 Ra7 27.
Qxf6 Raxf7 28. Qxb6 Nc7 29. Rc1 Na8 30. Qa5 Bb7 31. Qxa4 Nb6 32. Qb4 Na8 33.
Re7 1-0

[Event "17. Int. Boeblinger Open"]
[Site "Boeblingen"]
[Date "2000.12.27"]
[Round "2"]
[White "Diehl, Andreas"]
[Black "Haub, Thorsten-Michael"]
[Result "0-1"]
[WhiteElo "2112"]
[BlackElo "2370"]
[PlyCount "56"]
[EventDate "2000.12.26"]

1. e4 g6 2. d4 Bg7 3. c4 d6 4. Nc3 Nc6 5. d5 Nd4 6. Nge2 e5 7. Nxd4 exd4 8. Nb5
Nf6 9. Bd3 O-O 10. O-O Re8 11. Re1 a6 12. Nxd4 Nxd5 13. Bc2 Nb6 14. Qd3 Nd7 15.
f4 Nc5 16. Qd1 f5 17. Nb3 Nxe4 18. Bxe4 fxe4 19. Qd5+ Kh8 20. Rxe4 c6 21. Qg5
Bf5 22. Rxe8+ Qxe8 23. Bd2 Bxb2 24. Re1 Qf8 25. g4 Bf6 26. Qxf6+ Qxf6 27. gxf5
Qxf5 28. Bc3+ Kg8 0-1

[Event "17. Int. Boeblinger Open"]
[Site "Boeblingen"]
[Date "2000.12.27"]
[Round "2"]
[White "Doettling, Fabian"]
[Black "Schmidt, Olaf"]
[Result "1-0"]
[WhiteElo "2475"]
[BlackElo "2124"]
[PlyCount "81"]
[EventDate "2000.12.26"]

1. d4 d6 2. Nf3 Bg4 3. c4 Bxf3 4. exf3 c6 5. Nc3 Nf6 6. d5 c5 7. Bd3 g6 8. O-O
Bg7 9. f4 Qd7 10. Re1 O-O 11. Bc2 Rc8 12. f5 gxf5 13. Qf3 Qd8 14. Bxf5 Nbd7 15.
Qh3 Rcb8 16. Bg5 Nf8 17. Re2 b6 18. Rae1 Rb7 19. Qg3 Kh8 20. h4 Ng6 21. Qh3 h6
22. Bxf6 Bxf6 23. Bxg6 fxg6 24. Re6 Qg8 25. b3 Rf8 26. Ne4 Bd4 27. h5 Qf7 28.
Qg3 Rg8 29. hxg6 Qf5 30. Rd1 Be5 31. Qf3 Qxf3 32. gxf3 Rg7 33. Kg2 Rb8 34. Rh1
Bf4 35. Rh4 Rf8 36. Kh3 Kg8 37. Rh5 Bc1 38. Kg3 Bf4+ 39. Kg4 Bc1 40. Rf5 h5+
41. Rxh5 1-0

[Event "17. Int. Boeblinger Open"]
[Site "Boeblingen"]
[Date "2000.12.27"]
[Round "2"]
[White "Ewin, Hans-Peter"]
[Black "Becking, Stephan"]
[Result "0-1"]
[WhiteElo "2037"]
[BlackElo "2275"]
[PlyCount "65"]
[EventDate "2000.12.26"]

1. e4 e6 2. d4 d5 3. Nd2 c5 4. exd5 Qxd5 5. Ngf3 cxd4 6. Bc4 Qd6 7. O-O Nf6 8.
Nb3 a6 9. Nbxd4 Be7 10. Qe2 b5 11. Bb3 Bb7 12. c3 Nbd7 13. Re1 Nd5 14. Ng5 N7f6
15. Ngxe6 fxe6 16. Nxe6 Kd7 17. Bf4 Qb6 18. Rad1 Bd6 19. Bxd6 Qxd6 20. Nxg7
Rhg8 21. Nf5 Rxg2+ 22. Kf1 Rag8 23. Qe7+ Qxe7 24. Rxe7+ Kc6 25. Re6+ Kc7 26.
Ng3 Rxh2 27. Re5 Rd8 28. Kg1 Rh6 29. c4 bxc4 30. Bxc4 Rg6 31. Rc1 Kb8 32. Kf1
Rg4 33. Re6 {Restliche Zuege unklar. Weiss ueberschreitet im 36. Zug die Zeit.}
0-1

[Event "17. Int. Boeblinger Open"]
[Site "Boeblingen"]
[Date "2000.12.27"]
[Round "2"]
[White "Florea, Dan"]
[Black "Marian, Hartmut"]
[Result "1/2-1/2"]
[WhiteElo "2298"]
[BlackElo "2046"]
[PlyCount "58"]
[EventDate "2000.12.26"]

1. d4 Nf6 2. c4 c5 3. d5 e6 4. Nc3 exd5 5. cxd5 d6 6. e4 g6 7. Be2 Bg7 8. Nf3
O-O 9. Bg5 Re8 10. Nd2 b6 11. O-O Ba6 12. f4 Bxe2 13. Qxe2 Nbd7 14. Rae1 Qb8
15. Qd3 a6 16. a4 Ra7 17. Nf3 b5 18. axb5 axb5 19. e5 c4 20. Qd4 Ng4 21. Nxb5
Rb7 22. Nxd6 Qxd6 23. exd6 Bxd4+ 24. Nxd4 Rxe1 25. Rxe1 Rxb2 26. h3 h6 27. Re8+
Kg7 28. hxg4 hxg5 29. fxg5 Rd2 1/2-1/2

[Event "17. Int. Boeblinger Open"]
[Site "Boeblingen"]
[Date "2000.12.27"]
[Round "2"]
[White "Gerhardt, Peter-Michael"]
[Black "Atalik, Suat"]
[Result "0-1"]
[WhiteElo "2145"]
[BlackElo "2552"]
[PlyCount "100"]
[EventDate "2000.12.26"]

1. d4 Nf6 2. c4 g6 3. Nc3 Bg7 4. e4 d6 5. f3 O-O 6. Be3 e5 7. dxe5 dxe5 8. Qxd8
Rxd8 9. Nd5 Nxd5 10. cxd5 c6 11. Bc4 b5 12. Bb3 a5 13. a4 Bb7 14. Bb6 Rd7 15.
axb5 cxd5 16. Bxd5 Bxd5 17. exd5 e4 18. Rxa5 Rxa5 19. Bxa5 Rxd5 20. fxe4 Rxb5
21. Bc3 Bxc3+ 22. bxc3 Rb2 23. Kf1 Nd7 24. h4 Nf6 25. Rh3 Rb1+ 26. Kf2 Nxe4+
27. Ke3 Nxc3 28. Nf3 Nd5+ 29. Ke4 Nf6+ 30. Kd4 Kg7 31. Ne5 Rb4+ 32. Nc4 h5 33.
Ra3 Ng4 34. Kc5 Rb1 35. Ra7 Rc1 36. Kd4 Rc2 37. g3 Nh6 38. Ne3 Rf2 39. Ke4 Ng4
40. Nc4 Rf6 41. Kd5 Rf3 42. Nd6 Rd3+ 43. Kc5 Ne5 44. Ne4 Kf8 45. Ng5 Rxg3 46.
Kd5 Re3 47. Ne4 Nc6 48. Ra8+ Kg7 49. Nd6 Ne7+ 50. Kc5 Re5+ 0-1

[Event "17. Int. Boeblinger Open"]
[Site "Boeblingen"]
[Date "2000.12.27"]
[Round "2"]
[White "Gheng, Josef"]
[Black "Sarec, Ivica"]
[Result "1-0"]
[WhiteElo "2321"]
[BlackElo "2065"]
[PlyCount "113"]
[EventDate "2000.12.26"]

1. e4 c5 2. Nc3 e6 3. Nf3 Nf6 4. e5 Nd5 5. Nxd5 exd5 6. d4 Nc6 7. dxc5 Bxc5 8.
Bd3 d6 9. exd6 Qxd6 10. O-O Be6 11. a3 h6 12. Re1 O-O-O 13. b4 Bb6 14. b5 Nd4
15. Ne5 Rhf8 16. a4 Nf5 17. Ba3 Bc5 18. Bxc5 Qxc5 19. a5 Nd6 20. a6 b6 21. Nc6
Rd7 22. Qf3 Rg8 23. Qf4 Rc7 24. Rab1 Re8 25. Nd4 Rce7 26. Nc6 Rc7 27. Qe5 f5
28. Nd4 Bd7 29. Qxg7 Ne4 30. Bxe4 fxe4 31. Rbd1 Bxb5 32. Qxh6 Bxa6 33. Qh3+ Rd7
34. Re3 Bc4 35. Rg3 Qd6 36. Rg7 Kc7 37. Nf5 Qe6 38. Qg3+ Qe5 39. Qa3 Qxf5 40.
Qxa7+ Kc6 41. Rxd7 Qxd7 42. Qa4+ Bb5 43. Qb3 Qd6 44. h4 Qc5 45. Re1 d4 46. Qf7
Qe7 47. Qg6+ Qe6 48. Qg7 e3 49. f4 Qe4 50. Qf7 Re7 51. Qf8 Kd7 52. Ra1 Kd6 53.
Qf6+ Kc5 54. Rb1 Bc6 55. Qg5+ Qd5 56. Qxe7+ Kc4 57. Qb4# 1-0

[Event "17. Int. Boeblinger Open"]
[Site "Boeblingen"]
[Date "2000.12.27"]
[Round "2"]
[White "Glek, Igor"]
[Black "Lehnert, Thomas"]
[Result "1-0"]
[WhiteElo "2553"]
[BlackElo "2146"]
[PlyCount "69"]
[EventDate "2000.12.26"]

1. e4 Nf6 2. e5 Nd5 3. d4 d6 4. Bc4 c6 5. f4 g6 6. Nf3 Bg7 7. Nc3 Nxc3 8. bxc3
O-O 9. O-O Qc7 10. Ng5 d5 11. Bd3 h6 12. Nf3 c5 13. Be3 c4 14. Be2 f5 15. Nh4
Kh7 16. g4 e6 17. gxf5 exf5 18. Kh1 Rg8 19. Rg1 Bf8 20. Qf1 Nc6 21. Rg3 Bd7 22.
Qg2 Ne7 23. Rg1 Qc6 24. Bc1 Be8 25. Ba3 Bf7 26. Rh3 Qe8 27. Nf3 Kg7 28. Rxh6
Kxh6 29. Qg5+ Kh7 30. Qh4+ Bh6 31. Bxe7 Rh8 32. Bf6 Qf8 33. Ng5+ Kg8 34. Bxh8
Bxg5 35. Rxg5 1-0

[Event "17. Int. Boeblinger Open"]
[Site "Boeblingen"]
[Date "2000.12.27"]
[Round "2"]
[White "Gross, Stefan"]
[Black "Pelt, Alexander"]
[Result "1/2-1/2"]
[WhiteElo "2372"]
[BlackElo "2105"]
[PlyCount "96"]
[EventDate "2000.12.26"]

1. e4 e6 2. d4 d5 3. Nd2 dxe4 4. Nxe4 Nd7 5. Nf3 Ngf6 6. Nxf6+ Nxf6 7. Be2 Be7
8. O-O O-O 9. Ne5 Nd7 10. Nc4 c6 11. Bf4 Nb6 12. Ne5 f6 13. Nc4 Nd5 14. Bg3 b5
15. Nd2 Qb6 16. c4 bxc4 17. Nxc4 Qd8 18. Qa4 Bd7 19. Qa5 c5 20. Rfd1 cxd4 21.
Rxd4 Qxa5 22. Nxa5 Bc5 23. Rdd1 Bb4 24. Nc4 Rac8 25. a3 Be7 26. Ne3 Bc6 27. Ba6
Rcd8 28. Rac1 Nxe3 29. Rxd8 Rxd8 30. fxe3 Be8 31. Rc7 Rd7 32. Rc8 Rd8 33. Bb8
Rd1+ 34. Kf2 Kf7 35. Be2 Rd2 36. Ke1 Rxb2 37. Bxa7 Bxa3 38. Bh5+ g6 39. Bf3
Rb1+ 40. Kf2 Rc1 41. Ra8 Rc2+ 42. Kg3 Be7 {
restliche Zuege unklar, ob so geschehen!} 43. h4 Ra2 44. Bb6 Rc2 45. Bd4 Kf8
46. Ra7 Bd6+ 47. Kh3 e5 48. Bb6 Be7 1/2-1/2

[Event "17. Int. Boeblinger Open"]
[Site "Boeblingen"]
[Date "2000.12.27"]
[Round "2"]
[White "Gulde, Juergen"]
[Black "Scholz, Christian"]
[Result "0-1"]
[WhiteElo "2073"]
[BlackElo "2324"]
[PlyCount "98"]
[EventDate "2000.12.26"]

1. d4 Nf6 2. Nf3 e6 3. e3 b6 4. Bd3 Bb7 5. O-O Be7 6. Nbd2 c5 7. c3 cxd4 8.
exd4 O-O 9. Qe2 d6 10. Ng5 Nbd7 11. Nde4 h6 12. Nxf6+ Nxf6 13. Ne4 Qd7 14.
Nxf6+ Bxf6 15. Qh5 Rfe8 16. Bb5 Bc6 17. Bxc6 Qxc6 18. f4 b5 19. a3 a5 20. g4 e5
21. fxe5 dxe5 22. Be3 exd4 23. Bxd4 Bxd4+ 24. cxd4 Qc4 25. Qc5 Qb3 26. Rae1
Rad8 27. Rxe8+ Rxe8 28. d5 Rd8 29. d6 Qe6 30. Qxb5 Qxg4+ 31. Kh1 Qe4+ 32. Kg1
Qd4+ 33. Kh1 Rxd6 34. Qe8+ Kh7 35. Qxf7 Qxb2 36. Qf5+ Rg6 37. Qf3 Qc2 38. Rg1
Rf6 39. Qg2 Qxg2+ 40. Kxg2 Rg6+ 41. Kf2 Rxg1 42. Kxg1 Kg6 43. Kf2 Kf5 44. Kf3
g6 45. a4 g5 46. h3 h5 47. Ke3 g4 48. hxg4+ Kxg4 49. Kf2 Kf4 0-1

[Event "17. Int. Boeblinger Open"]
[Site "Boeblingen"]
[Date "2000.12.27"]
[Round "2"]
[White "Hedler, Thomas"]
[Black "Werner, Clemens"]
[Result "0-1"]
[WhiteElo "2079"]
[BlackElo "2347"]
[PlyCount "62"]
[EventDate "2000.12.26"]

1. Nc3 c5 2. Nf3 d5 3. d4 cxd4 4. Qxd4 Nf6 5. Ne5 Nc6 6. Nxc6 bxc6 7. Bg5 Qb6
8. Bxf6 gxf6 9. Qxb6 axb6 10. e3 e6 11. a3 f5 12. Be2 Bg7 13. Nd1 Ke7 14. c3 c5
15. Bf3 Ba6 16. Be2 Bb7 17. f3 Bc6 18. Nf2 Rhd8 19. O-O Bh6 20. f4 Ba4 21. Nh3
Bg7 22. Bf3 Ra7 23. Rfe1 d4 24. cxd4 cxd4 25. e4 fxe4 26. Bxe4 d3 27. Bf3 Bxb2
28. Rab1 Bxa3 29. Bd1 Bc2 30. Bxc2 dxc2 31. Ra1 Bc5+ 0-1

[Event "17. Int. Boeblinger Open"]
[Site "Boeblingen"]
[Date "2000.12.27"]
[Round "2"]
[White "Holzinger, Eugen"]
[Black "Dietrich, Ralf"]
[Result "1-0"]
[WhiteElo "2026"]
[BlackElo "2265"]
[PlyCount "75"]
[EventDate "2000.12.26"]

1. Nf3 Nf6 2. g3 g6 3. Bg2 Bg7 4. d3 d6 5. c4 e5 6. Nc3 Nc6 7. O-O Bd7 8. Bg5
h6 9. Bxf6 Bxf6 10. Nd5 Bg7 11. b4 Ne7 12. Nd2 c6 13. Nc3 O-O 14. Rb1 Be6 15.
Qc2 Qd7 16. e4 Rfd8 17. Nb3 b6 18. b5 h5 19. a4 h4 20. bxc6 Nxc6 21. a5 bxa5
22. Ra1 Bh6 23. Nd5 Kg7 24. f4 hxg3 25. hxg3 Nb4 26. Qc3 Nxd5 27. exd5 Bf5 28.
Nxa5 f6 29. Nc6 Rh8 30. Ra2 Bh3 31. Rfa1 Qg4 32. Rxa7+ Rxa7 33. Rxa7+ Kg8 34.
Ne7+ Kf8 35. Qa5 Qd1+ 36. Kh2 Bxf4 37. Qd8+ Kf7 38. Nf5# 1-0

[Event "17. Int. Boeblinger Open"]
[Site "Boeblingen"]
[Date "2000.12.27"]
[Round "2"]
[White "Junginger, Andreas"]
[Black "Schmidt-Schaeffer, Sebastian"]
[Result "0-1"]
[WhiteElo "2052"]
[BlackElo "2314"]
[PlyCount "72"]
[EventDate "2000.12.26"]

1. e4 d6 2. d4 Nf6 3. Nc3 Nbd7 4. f4 e5 5. fxe5 dxe5 6. dxe5 Nxe5 7. Qxd8+ Kxd8
8. Bg5 Be7 9. Nf3 Nfg4 10. Bxe7+ Kxe7 11. Nd5+ Kd8 12. Nxe5 Nxe5 13. O-O-O Bd7
14. Be2 c6 15. Ne3 Kc7 16. Nc4 Rhe8 17. Nxe5 Rxe5 18. Bf3 Rae8 19. Rd2 c5 20.
Re2 Bb5 21. Rd2 Bc6 22. Rhd1 R8e7 23. Rd8 Bxe4 24. Bxe4 Rxe4 25. Rh8 h6 26. Rh7
f6 27. Rh8 Re8 28. Rxe8 Rxe8 29. Rd3 Re2 30. Rg3 g5 31. h4 Kd6 32. hxg5 hxg5
33. Rf3 Ke5 34. g3 f5 35. Rc3 b6 36. b3 Ke4 0-1

[Event "17. Int. Boeblinger Open"]
[Site "Boeblingen"]
[Date "2000.12.27"]
[Round "2"]
[White "Jurkic, Bosiljiko"]
[Black "Dunsbach, Ralf"]
[Result "1/2-1/2"]
[WhiteElo "2074"]
[BlackElo "2330"]
[PlyCount "58"]
[EventDate "2000.12.26"]

1. e4 c5 2. Nf3 e6 3. d4 cxd4 4. Nxd4 Nf6 5. Nc3 Nc6 6. Ndb5 d6 7. Bf4 e5 8.
Bg5 a6 9. Na3 b5 10. Nd5 Be7 11. Bxf6 Bxf6 12. c3 Rb8 13. Nc2 Bg5 14. Bd3 O-O
15. Nce3 Bxe3 16. Nxe3 a5 17. O-O Be6 18. Qd2 b4 19. Rfd1 bxc3 20. bxc3 Qc7 21.
Bc4 Rfd8 22. Bd5 Ne7 23. c4 Qb6 24. Qe1 Qb4 25. Rab1 Qa3 26. Rxb8 Rxb8 27. Rb1
Rc8 28. Qe2 Bxd5 29. cxd5 h6 1/2-1/2

[Event "17. Int. Boeblinger Open"]
[Site "Boeblingen"]
[Date "2000.12.27"]
[Round "2"]
[White "Kranzl, Peter"]
[Black "Niemers, Johannes"]
[Result "1-0"]
[WhiteElo "2268"]
[BlackElo "2022"]
[PlyCount "43"]
[EventDate "2000.12.26"]

1. e4 e5 2. Nf3 Nc6 3. c3 Nf6 4. d4 Nxe4 5. d5 Bc5 6. dxc6 Nxf2 7. Qd5 Nxh1 8.
cxd7+ Bxd7 9. Qxc5 e4 10. Qe5+ Be6 11. Qxg7 Kd7 12. Qd4+ Kc8 13. Qxd8+ Rxd8 14.
Nd4 Bd7 15. Be3 Rg8 16. Ne2 a5 17. Nd2 Ra6 18. g3 Bg4 19. Bg2 Bxe2 20. Kxe2
Nxg3+ 21. hxg3 Rxg3 22. Kf2 1-0

[Event "17. Int. Boeblinger Open"]
[Site "Boeblingen"]
[Date "2000.12.27"]
[Round "2"]
[White "Ladinzon, Igor"]
[Black "Duppel, Matthias"]
[Result "1/2-1/2"]
[WhiteElo "2116"]
[BlackElo "2390"]
[PlyCount "77"]
[EventDate "2000.12.26"]

1. e4 e6 2. d4 d5 3. Nd2 Be7 4. c3 c5 5. exd5 Qxd5 6. Ngf3 cxd4 7. Bc4 Qd6 8.
Ne4 Qc7 9. Bb5+ Bd7 10. Bxd7+ Nxd7 11. Nxd4 Ngf6 12. Nxf6+ Bxf6 13. O-O O-O 14.
Be3 a6 15. Qe2 Nb6 16. Nf3 Nc4 17. Bg5 Bxg5 18. Nxg5 h6 19. Nf3 b5 20. Rfd1
Rfd8 21. Qc2 Nb6 22. Rxd8+ Rxd8 23. Rd1 Nd5 24. Rd2 Rc8 25. a3 Qc4 26. Qd1 Qg4
27. h3 Qf5 28. Qc2 Qxc2 29. Rxc2 Kf8 30. g3 Ke7 31. Kf1 Kd6 32. Ke2 e5 33. Nd2
f5 34. c4 a5 35. Kd1 Nb6 36. cxb5 Rc5 37. Rxc5 Kxc5 38. b3 Kxb5 39. Nf3 1/2-1/2

[Event "17. Int. Boeblinger Open"]
[Site "Boeblingen"]
[Date "2000.12.27"]
[Round "2"]
[White "Lindemann, Stefan"]
[Black "Fries, Artur"]
[Result "1-0"]
[WhiteElo "2348"]
[BlackElo "2074"]
[PlyCount "65"]
[EventDate "2000.12.26"]

1. d4 Nf6 2. c4 e6 3. Nf3 b6 4. g3 Ba6 5. b3 Bb4+ 6. Bd2 Be7 7. Bg2 c6 8. Bc3
d5 9. Ne5 O-O 10. Nd2 Nfd7 11. Nxd7 Nxd7 12. O-O Nf6 13. e4 dxe4 14. Nxe4 Rc8
15. Re1 Nxe4 16. Bxe4 Bf6 17. Qc2 g6 18. Rad1 Qc7 19. h4 Rcd8 20. h5 c5 21. d5
Bxc3 22. Qxc3 f5 23. Bg2 Rfe8 24. dxe6 Rxd1 25. Rxd1 Bc8 26. Rd7 Bxd7 27. exd7
Re4 28. Bxe4 fxe4 29. Qd2 Qd8 30. Qd5+ Kf8 31. Qd6+ Kf7 32. h6 a6 33. a4 1-0

[Event "17. Int. Boeblinger Open"]
[Site "Boeblingen"]
[Date "2000.12.27"]
[Round "2"]
[White "Moessner, Bernhard"]
[Black "Hoeschele, Hans-Ulrich"]
[Result "0-1"]
[WhiteElo "2013"]
[BlackElo "2233"]
[PlyCount "80"]
[EventDate "2000.12.26"]

1. e4 e5 2. Nf3 Nc6 3. Bb5 a6 4. Ba4 Nf6 5. O-O b5 6. Bb3 Be7 7. Re1 d6 8. c3
O-O 9. h3 Na5 10. Bc2 c5 11. d4 cxd4 12. cxd4 Qc7 13. b3 Bd7 14. Bb2 Nc6 15. a3
Rfc8 16. Bd3 exd4 17. Nxd4 Ne5 18. Bf1 Ng6 19. Nd2 d5 20. Rc1 Qd6 21. Rxc8+
Rxc8 22. Bd3 dxe4 23. Bxe4 Nxe4 24. Nxe4 Qd5 25. Nc3 Qb7 26. Ne4 f5 27. Ng3 Bf6
28. Qb1 Qd5 29. Rd1 f4 30. Ne4 Rc7 31. Nxf6+ gxf6 32. b4 Nh4 33. f3 Bxh3 34.
Kf2 Bxg2 35. Rg1 Rg7 36. Qe1 Qe5 37. Qxe5 fxe5 38. Nc6 Rc7 39. Rc1 Bxf3 40.
Bxe5 Rxc6 0-1

[Event "17. Int. Boeblinger Open"]
[Site "Boeblingen"]
[Date "2000.12.27"]
[Round "2"]
[White "Namyslo, Holger"]
[Black "Muth, Roland"]
[Result "1/2-1/2"]
[WhiteElo "2328"]
[BlackElo "2067"]
[PlyCount "54"]
[EventDate "2000.12.26"]

1. e4 c5 2. Nf3 d6 3. d4 cxd4 4. Nxd4 Nf6 5. Nc3 g6 6. Be2 Bg7 7. O-O O-O 8.
Bg5 Nc6 9. Nb3 a6 10. a4 Be6 11. f4 Na5 12. Nxa5 Qxa5 13. Kh1 Rac8 14. Bf3 Rfd8
15. Qe1 Rc5 16. Rd1 Qb6 17. Rb1 Qc7 18. Bh4 Bc4 19. Rg1 Nh5 20. Bf2 Nxf4 21.
Bxc5 Qxc5 22. Qd2 Ne6 23. b3 Qa5 24. bxc4 Bxc3 25. Qd5 Nc5 26. Rgf1 Qxa4 27.
Bg4 e6 1/2-1/2

[Event "17. Int. Boeblinger Open"]
[Site "Boeblingen"]
[Date "2000.12.27"]
[Round "2"]
[White "Niklasch, Oliver"]
[Black "Becking, Franz Josef"]
[Result "1-0"]
[WhiteElo "2363"]
[BlackElo "2095"]
[PlyCount "73"]
[EventDate "2000.12.26"]

1. d4 e6 2. c4 d5 3. Nc3 Nf6 4. Bg5 Be7 5. e3 O-O 6. Nf3 c6 7. Qc2 Ne4 8. Bxe7
Qxe7 9. Nxe4 dxe4 10. Qxe4 Qb4+ 11. Nd2 Qxb2 12. Rb1 Qc3 13. Qd3 Qxd3 14. Bxd3
Nd7 15. Ne4 Nf6 16. Nd6 Rb8 17. c5 Rd8 18. Nc4 Nd5 19. Na5 Ne7 20. Be4 b6 21.
cxb6 Rxb6 22. Rxb6 axb6 23. Nxc6 Nxc6 24. Bxc6 Ba6 25. Kd2 e5 26. d5 Bc4 27. e4
Bxa2 28. Kc3 b5 29. Bxb5 Rc8+ 30. Bc6 Rb8 31. Ra1 Bb1 32. d6 Kf8 33. Ra7 Rd8
34. Bd5 Rxd6 35. Rxf7+ Ke8 36. Rb7 Rg6 37. Bf7+ 1-0

[Event "17. Int. Boeblinger Open"]
[Site "Boeblingen"]
[Date "2000.12.27"]
[Round "2"]
[White "Polushkina, Svetlana"]
[Black "Meijers, Viesturs"]
[Result "0-1"]
[WhiteElo "2125"]
[BlackElo "2464"]
[Annotator "Zeller"]
[PlyCount "40"]
[EventDate "2000.12.26"]

1. d4 d5 2. c4 e6 3. Nc3 Nf6 4. Bg5 Be7 5. e3 O-O 6. cxd5 exd5 7. Bd3 Nbd7 8.
Nge2 b6 9. Nf4 Bb7 10. Qf3 a6 {Bei Meyers beschleicht einen zuweilen das
Gefuehl, dass er seine ersten zehn Standardzuege ungeachtet der gegnerischen
Intentionen aufs Brett streut. Als Folge solcher Geradlinigkeit muss er sich
desoefteren mit ziemlich miesen Positionen abquaelen.  } 11. Qg3 Re8 12. h4 {
Hier bekundet die Weissspielerin schon handfeste Interessen. 
} 12... c5 13.
h5 Kh8 {#} (13... cxd4 14. Bh6 $1 Bf8 15. Bxg7 $1 Bxg7 16. h6) 14. Bg6 {
!?!?!?; wohl inkorrekt, aber Mut und Phantasie der Spielerin ist unbedingt zu
wuerdigen. Der kuehle Blonde aus dem Norden wird bestimmt mehr als ihm lieb
mit Hitzewallungen gekaempft haben muessen...  } 14... fxg6 15. hxg6 Nf8 $1 {#}
(15... h6 16. Bxh6 gxh6 17. Rxh6+ Kg8 18. Qh3 {fuehrt zum Matt.}) {
Es riecht verdaechtig - aber wie ist dem schwarzen Monarchen beizukommen?} 16.
Bh6 $6 (16. Bxf6 $2 Bxf6 17. Rxh7+ Nxh7 18. Qh3 Bh4) ({Nach} 16. O-O-O {
ist die Stellung reichlich unklar.}) 16... Bd6 $1 {Bewahrt kuehlen Kopf.

}
17. Bxg7+ Kxg7 18. Rxh7+ ({Nach} 18. gxh7+ Kh8 {geht's auch nicht weiter.})
18... N8xh7 19. gxh7+ Kh8 20. Ng6+ Kxh7 {#  Es ist ein Jammer. Haette Weiss
nur ein Tempo mehr, um den a-Turm zum Koenigsfluegel werfen zu koennen, so
waere das Opferspiel erfolgreich und ein Schoenheitspreis angemessen gewesen. 
 So aber gleicht die Partie dem Silvesterfeuerwerk: schoen, aber zwecklos!} 0-1

[Event "17. Int. Boeblinger Open"]
[Site "Boeblingen"]
[Date "2000.12.27"]
[Round "2"]
[White "Probst, Alexander"]
[Black "Schmittdiel, Eckhard"]
[Result "0-1"]
[WhiteElo "2141"]
[BlackElo "2498"]
[PlyCount "48"]
[EventDate "2000.12.26"]

1. e4 c5 2. Nf3 e6 3. d4 cxd4 4. Nxd4 Nf6 5. Nc3 Nc6 6. Ndb5 d6 7. Bf4 e5 8.
Bg5 a6 9. Na3 b5 10. Nd5 Be7 11. Bxf6 Bxf6 12. c3 O-O 13. Be2 Bg5 14. Bg4 Bb7
15. O-O Ne7 16. Nxe7+ Bxe7 17. Re1 d5 18. exd5 f5 19. Bh3 e4 20. Nc2 Bxd5 21.
Nd4 g6 22. b4 Rc8 23. a4 Rxc3 24. axb5 Rd3 0-1

[Event "17. Int. Boeblinger Open"]
[Site "Boeblingen"]
[Date "2000.12.27"]
[Round "2"]
[White "Reljic, Radomir"]
[Black "Huth, Arno"]
[Result "0-1"]
[WhiteElo "2247"]
[BlackElo "2017"]
[PlyCount "32"]
[EventDate "2000.12.26"]

1. d4 Nf6 2. Nf3 g6 3. g3 Bg7 4. Bg2 d5 5. O-O O-O 6. c4 c6 7. Nc3 dxc4 8. Ne5
Be6 9. e4 Nfd7 10. Nxd7 Qxd7 11. d5 Bg4 12. Qc2 Na6 13. f3 Bh3 14. Bxh3 Qxh3
15. dxc6 Bd4+ 16. Kh1 Qxf1# 0-1

[Event "17. Int. Boeblinger Open"]
[Site "Boeblingen"]
[Date "2000.12.27"]
[Round "2"]
[White "Tabatt, Hendrik"]
[Black "Lomineishvili, Maia"]
[Result "0-1"]
[WhiteElo "2120"]
[BlackElo "2412"]
[PlyCount "64"]
[EventDate "2000.12.26"]

1. d4 Nf6 2. c4 g6 3. g3 Bg7 4. Bg2 O-O 5. e4 d6 6. Ne2 c5 7. h3 cxd4 8. Nxd4
Nc6 9. Be3 Bd7 10. Nc3 Rc8 11. b3 Qa5 12. Qd2 a6 13. Nxc6 Bxc6 14. O-O Rfe8 15.
Rfd1 b5 16. Rac1 bxc4 17. bxc4 Nd7 18. Nd5 Qxd2 19. Rxd2 Bb5 20. Rdc2 Ba4 21.
Rd2 Kf8 22. f4 Bc6 23. Rd3 a5 24. Nc3 Bb7 25. Nb5 Nc5 26. Bxc5 Rxc5 27. Rd2
Rec8 28. Rdc2 a4 29. Kf1 Ba6 30. Na3 Rb8 31. Ke2 Rb4 32. Kd3 Bb2 0-1

[Event "17. Int. Boeblinger Open"]
[Site "Boeblingen"]
[Date "2000.12.27"]
[Round "2"]
[White "Wegener, Hans Karl"]
[Black "Schlecht, Daniel"]
[Result "0-1"]
[WhiteElo "2097"]
[BlackElo "2348"]
[PlyCount "60"]
[EventDate "2000.12.26"]

1. e4 e6 2. d4 d5 3. Nc3 Bb4 4. e5 c5 5. a3 Bxc3+ 6. bxc3 Ne7 7. a4 Qa5 8. Bd2
Nbc6 9. c4 Qc7 10. cxd5 Nxd5 11. Nf3 Nxd4 12. Nxd4 cxd4 13. Bb5+ Bd7 14. Bxd7+
Qxd7 15. Qg4 Qc7 16. Qxg7 O-O-O 17. O-O Rdg8 18. Qh6 Qxe5 19. Rfe1 Qf5 20. Ra3
e5 21. Qd6 Qe6 22. Qxe6+ fxe6 23. Rxe5 Kd7 24. Re4 Rc8 25. Rxd4 Rxc2 26. Kf1
Kd6 27. Ke2 Rhc8 28. Rh3 Ke5 29. Rdh4 Ra2 30. Kd3 Rcc2 0-1

[Event "17. Int. Boeblinger Open"]
[Site "Boeblingen"]
[Date "2000.12.27"]
[Round "2"]
[White "Werner, Isabel"]
[Black "Foerster, Bernhard"]
[Result "1-0"]
[WhiteElo "2259"]
[BlackElo "2019"]
[PlyCount "97"]
[EventDate "2000.12.26"]

1. e4 e6 2. d4 d5 3. Nc3 dxe4 4. Nxe4 Nd7 5. Nf3 Ngf6 6. Nxf6+ gxf6 7. g3 b6 8.
Bg2 Bb7 9. O-O Bg7 10. Bf4 O-O 11. Re1 Re8 12. Qd2 Nf8 13. Rad1 Ng6 14. Bh6 Qd6
15. h4 Bxh6 16. Qxh6 Qf8 17. Qh5 Qg7 18. c4 Ne7 19. d5 exd5 20. cxd5 Qg6 21.
Qxg6+ hxg6 22. d6 cxd6 23. Rxd6 Nf5 24. Rd7 Bxf3 25. Rxe8+ Rxe8 26. Bxf3 Re7
27. Rxe7 Nxe7 28. Kf1 Kf8 29. Ke2 Nf5 30. Kd3 Ke7 31. Kc4 Kd6 32. Be4 Nh6 33.
f3 f5 34. Ba8 a5 35. Kb5 Kc7 36. Bc6 f4 37. g4 f6 38. Be4 g5 39. h5 f5 40. gxf5
g4 41. fxg4 Nxg4 42. a3 Nf6 43. Bf3 Nh7 44. h6 Ng5 45. Bh5 Nh7 46. Kc4 Kd6 47.
Bg6 f3 48. Kd3 f2 49. Ke2 1-0

[Event "17. Int. Boeblinger Open"]
[Site "Boeblingen"]
[Date "2000.12.27"]
[Round "2"]
[White "Willim, Michael"]
[Black "Klovans, Janis"]
[Result "0-1"]
[WhiteElo "2137"]
[BlackElo "2466"]
[PlyCount "64"]
[EventDate "2000.12.26"]

1. c4 Nf6 2. g3 e6 3. Bg2 d5 4. Nf3 dxc4 5. Qa4+ Nbd7 6. Qxc4 c5 7. O-O b6 8.
d3 Bb7 9. Nc3 a6 10. a4 Be7 11. Bf4 Nd5 12. Bd2 O-O 13. Rfd1 Rc8 14. Rac1 N7f6
15. Be1 Nb4 16. Nd2 Bxg2 17. Kxg2 Qd7 18. Nf3 Qb7 19. Kg1 Rfd8 20. Bd2 h6 21.
Na2 Nxd3 22. Rb1 b5 23. axb5 axb5 24. Qc2 Ng4 25. Be3 c4 26. Nd4 Nxe3 27. fxe3
Bg5 28. Nf3 Bxe3+ 29. Kg2 Nf2 30. Rxd8+ Rxd8 31. Qc3 Bd2 32. Qe5 Rd5 0-1

[Event "17. Int. Boeblinger Open"]
[Site "Boeblingen"]
[Date "2000.12.27"]
[Round "2"]
[White "Wornath, Kai Rudolf"]
[Black "Jacobi, Henry"]
[Result "1-0"]
[WhiteElo "2391"]
[BlackElo "2115"]
[PlyCount "31"]
[EventDate "2000.12.26"]

1. d4 Nf6 2. c4 e6 3. Nf3 d5 4. Nc3 c6 5. Bg5 Nbd7 6. e3 Bd6 7. Bd3 O-O 8. O-O
Qe7 9. e4 dxc4 10. e5 cxd3 11. Ne4 Bc7 12. exf6 gxf6 13. Bh4 b6 14. Qd2 Kg7 15.
Ne5 Nxe5 16. Bxf6+ 1-0